| 000 | 01565nam0a22003011 4500 | ||
|---|---|---|---|
| 001 | rc\2302602 | ||
| 005 | 20110829140940.2 | ||
| 035 | _a(NLR Aleph) 006504114 | ||
| 090 |
_a6261975 _c6261975 |
||
| 100 | _a20110829d1977 |||y0rusy50 ca | ||
| 101 | 0 | _arus | |
| 102 | _aRU | ||
| 105 | _aa z ||||| | ||
| 200 | 1 |
_aЛинейные автоматические системы управления _eУчеб. пособие _fА.Т. Лебедев, Л.А. Баранов, В.С. Желнов _h[1] |
|
| 210 |
_aИваново _cИван. ун-т _d1977 |
||
| 215 |
_a81 с. _cил. _d19 |
||
| 300 | _aЗагл. вып. 2: Автоматизированные системы управления тепловыми электростанциями | ||
| 300 | _aВ надзаг.: Иван. гос. ун-т им. Первого в России Иван.-Вознес. общегор. Совета рабочих депутатов, Иван. энерг. ин-т им. В.И. Ленина | ||
| 517 | 0 | _aАвтоматизированные системы управления тепловыми электростанциями | |
| 606 |
_aАвтоматические системы управления, линейные _2rkp |
||
| 700 | 1 |
_aЛебедев _bА. Т. _gАртур Тихонович |
|
| 701 | 1 |
_aБаранов _bЛ. А. _gЛев Анатольевич |
|
| 701 | 1 |
_aЖелнов _bВ. С. _gВладислав Степанович |
|
| 801 | 0 |
_aRU _bNLR _gpsbo |
|
| 801 | 1 |
_aRU _bELAR _2rusmarc |
|
| 852 |
_aNLR _j78-4/11233 |
||
| 942 | _cBOOK | ||
| 980 | _aNB | ||